[Event "SLO-ch U20"]
[Site "Kranj"]
[Date "1999.??.??"]
[Round "?"]
[White "Sebenik, Matej"]
[Black "Frangez, Simon"]
[Result "0-1"]
[WhiteElo "2154"]
[BlackElo "2084"]
[PlyCount "202"]
[EventDate "1999.??.??"]
[EventType "swiss"]
[EventRounds "9"]
[EventCountry "SLO"]
[SourceTitle "EXT 2000"]
[Source "ChessBase"]
[SourceDate "1999.11.16"]
[SourceVersion "1"]
[SourceVersionDate "1999.11.16"]
[SourceQuality "1"]

1. d4 d5 2. c4 e6 3. Nc3 Be7 4. Nf3 Nf6 5. Bg5 0-0 6. e3 h6 7. Bh4 b6 8. Bd3 Nbd7 9. 0-0 dxc4 10. Bxc4 c5 11. Qe2 Bb7 12. Rfd1 Ne4 13. Bg3 Nxg3 14. hxg3 Bxf3 15. Qxf3 cxd4 16. exd4 Qc7 17. Ba6 Rad8 18. Rac1 Bg5 19. Nb5 Qxc1 20. Rxc1 Bxc1 21. Qc3 Nb8 22. Bb7 Rd7 23. Be4 Bg5 24. Qf3 Rc8 25. d5 exd5 26. Bxd5 Bf6 27. Nc3 Bxc3 28. bxc3 Rcd8 29. Bc4 Re7 30. Kh2 Nd7 31. Qd5 Rde8 32. f3 Nf6 33. Qd6 Rd7 34. Qf4 Red8 35. g4 Nd5 36. Qe5 Nf6 37. Kh3 Rc8 38. Bb3 Rdc7 39. Qe4 Re8 40. Qd4 Rd7 41. Qc4 Rde7 42. Qc6 Nd7 43. Ba4 Nf6 44. Bb3 Rd8 45. Bc4 Ne8 46. Bb3 Nc7 47. Kg3 Na6 48. Bd5 Rc7 49. Qb5 Rc5 50. Qxa6 Rcxd5 51. Qxa7 R5d6 52. Qc7 R8d7 53. Qc4 Re7 54. a4 Re5 55. Qb4 Rc6 56. Qd4 Rec5 57. Qe4 Re6 58. Qd4 h5 59. gxh5 Rxh5 60. Kf2 Rc5 61. Qd8+ Kh7 62. Qh4+ Rh6 63. Qe4+ f5 64. Qd3 Rf6 65. g4 Kh6 66. Qd2+ Kg6 67. Qd3 Ra5 68. Qd7 fxg4 69. Qxg4+ Rg5 70. Qe4+ Kh6 71. c4 Ra5 72. Qe8 Rc5 73. Qh8+ Kg6 74. Qe8+ Kh7 75. Qe4+ Kh6 76. Qe3+ g5 77. Qe8 Rfc6 78. Qh8+ Kg6 79. Qg8+ Kf6 80. Qf8+ Ke5 81. Qe7+ Kd4 82. Qe2 Kc3 83. Qa2 Kb4 84. Kg3 Rxc4 85. Qd2+ Kxa4 86. Qxg5 b5 87. f4 b4 88. f5 b3 89. f6 b2 90. Qf5 Rxf6 91. Qxf6 b1Q 92. Qa6+ Kb3 93. Qb5+ Rb4 94. Qd5+ Kc3 95. Qc5+ Rc4 96. Qe5+ Kd2 97. Kf2 Qd3 98. Qa5+ Rc3 99. Qa2+ Rc2 100. Qa1 Qe3+ 101. Kf1 Qe2+ 0-1

[Event "SLO-ch U20"]
[Site "Bled"]
[Date "1998.??.??"]
[Round "?"]
[White "Frangez, Simon"]
[Black "Guid, Matej"]
[Result "0-1"]
[WhiteElo "2145"]
[BlackElo "2150"]
[PlyCount "50"]
[EventDate "1998.??.??"]
[EventType "swiss"]
[EventRounds "9"]
[EventCountry "SLO"]
[SourceTitle "EXT 2000"]
[Source "ChessBase"]
[SourceDate "1999.11.16"]
[SourceVersion "1"]
[SourceVersionDate "1999.11.16"]
[SourceQuality "1"]

1. d4 Nf6 2. c4 g6 3. Nc3 Bg7 4. e4 d6 5. Be2 0-0 6. Nf3 c5 7. d5 e6 8. 0-0 Re8 9. Nd2 Na6 10. f4 exd5 11. cxd5 Nc7 12. a3 b6 13. Bf3 Rb8 14. Re1 h5 15. Nc4 Ng4 16. Ne3 Bd4 17. h3 Qh4 18. hxg4 hxg4 19. Be2 g3 20. Bb5 Bg4 21. Qxg4 Qxg4 22. Bxe8 Rxe8 23. Kf1 Qxf4+ 24. Ke2 Bxc3 25. bxc3 Qxe4 0-1

[Event "SLO-ch U18"]
[Site "Kranj"]
[Date "1996.??.??"]
[Round "4"]
[White "Frangez, Simon"]
[Black "Pavlovic, Zeljko"]
[Result "1/2-1/2"]
[WhiteElo "1935"]
[BlackElo "1910"]
[PlyCount "53"]
[EventDate "1996.??.??"]
[EventType "swiss"]
[EventRounds "9"]
[EventCountry "SLO"]
[SourceTitle "EXT 1998"]
[Source "ChessBase"]
[SourceDate "1997.11.17"]
[SourceVersion "1"]
[SourceVersionDate "1997.11.17"]
[SourceQuality "1"]

1. d4 Nf6 2. c4 g6 3. Nc3 d5 4. cxd5 Nxd5 5. e4 Nxc3 6. bxc3 Bg7 7. Bc4 c5 8. Be3 Nc6 9. Ne2 0-0 10. 0-0 cxd4 11. cxd4 Na5 12. Bd3 e6 13. e5 b6 14. Nf4 Bb7 15. Qg4 Qe7 16. h4 Rac8 17. h5 Rfe8 18. hxg6 hxg6 19. Rad1 Nc4 20. Nxg6 fxg6 21. Bxg6 Nxe3 22. fxe3 Rf8 23. Qh3 Bh8 24. Qg4 Bg7 25. Qh5 Bh8 26. Qg4 Bg7 27. Qh5 1/2-1/2

[Event "SLO-ch U18"]
[Site "Kranj"]
[Date "1996.??.??"]
[Round "3"]
[White "Glavac, Igor"]
[Black "Frangez, Simon"]
[Result "0-1"]
[WhiteElo "1705"]
[BlackElo "1935"]
[PlyCount "54"]
[EventDate "1996.??.??"]
[EventType "swiss"]
[EventRounds "9"]
[EventCountry "SLO"]
[SourceTitle "EXT 1998"]
[Source "ChessBase"]
[SourceDate "1997.11.17"]
[SourceVersion "1"]
[SourceVersionDate "1997.11.17"]
[SourceQuality "1"]

1. e4 e6 2. d4 d5 3. Nd2 Nf6 4. Bd3 c5 5. c3 Nc6 6. Ngf3 cxd4 7. Nxd4 Nxd4 8. cxd4 dxe4 9. Nxe4 Qd5 10. f3 Bd7 11. Be3 Bb4+ 12. Ke2 Rc8 13. a3 Ba5 14. Rc1 Rxc1 15. Qxc1 Bb6 16. Nc5 Bc6 17. Qc2 h6 18. h3 Nh5 19. Rg1 Qd6 20. Ke1 Nf4 21. b4 0-0 22. Qd2 Nxd3+ 23. Qxd3 e5 24. Qd2 Rc8 25. dxe5 Qxe5 26. Qe2 Bb5 27. f4 Qe8 0-1